Parlez-vous Zarbi ? - Click Quiz - Statistiques

Statistiques générales
  • Ce quiz a été pris 780 fois
  • Le résultat moyen est 20 sur 28
Statistiques - réponses
Hint Réponse % Correct
E
85%
A
84%
N
83%
?
82%
D
80%
K
80%
T
80%
L
79%
X
79%
!
78%
I
77%
J
76%
S
75%
F
75%
Y
75%
C
74%
W
73%
H
72%
R
69%
P
69%
O
69%
U
68%
M
67%
B
66%
Z
55%
V
52%
Q
49%
G
27%
Aucun quiz correspondant
Distribution des résultats
% des personnes avec chaque résultat
Percentile par nombre de réponses
Votre historique - résultats
Vous n’avez pas pris ce quiz